000 00489nam a2200181Ia 4500
001 18680
005 20260306171648.0
008 260306s9999||||xx |||||||||||||| ||und||
041 _aESP
082 _a658.45
_bV66
100 _aVillafañe, Justo
_eAUT
245 0 _aLa comunicación empresarial y la gestión de los intangibles en España y Latinoamérica
260 _c2013
300 _axi, 314 páginas :
_c25 cm.
650 _aGEN
654 _aCAN
942 _cLIB
_dJUS
_fJUS
_2ddc
_n
999 _c18680
_d18680